000 00667nam a2200205 a 4500
001 000036414
005 20200930075723.0
008 120117s1997 sp 000 j spa d
020 _a8420614211
040 _aDO-SdBNP
_bspa
_cBNPHU
082 _axxxx
_bF954c, 1997
100 1 _aFuentes, Carlos,
_d1928-
_99774
245 1 0 _aCuerpos y ofrendas :
_bantología /
_cCarlos Fuentes; prólogo de Octavio Paz.
260 _aMadrid :
_bAlianza,
_c1997.
300 _a270 p. ;
_c18 cm.
490 1 _aEl libro de bolsillo
_aliteratura
_v421
500 _aQuinta reimpresión
700 1 _aPaz, Octavio
_epról.
_950324
830 0 _aEl libro de bolsillo;
_nliteratura
_v421
_939386
999 _c35905
_d35905